Every Premier League Goalscorer for Queens Park Rangers - Statistics

General Stats
  • This quiz has been taken 40 times
  • The average score is 22 of 56
Answer Stats
Player % Correct
Charlie Austin
88%
Leroy Fer
83%
Les Ferdinand
79%
Shaun Wright-Phillips
71%
Adel Taarabt
67%
Djibril Cissé
63%
Joey Barton
63%
Clint Hill
58%
Loïc Rémy
58%
Matt Phillips
58%
Tommy Smith
58%
Bobby Zamora
54%
Jamie Mackie
50%
Shaun Derry
50%
Trevor Sinclair
50%
Clive Wilson
46%
Alejandro Faurlín
42%
Ray Wilkins
42%
Samba Diakité
42%
Sandro
42%
Andy Impey
38%
Andy Sinton
38%
Bradley Allen
38%
DJ Campbell
38%
Eduardo Vargas
38%
Esteban Granero
38%
Heiðar Helguson
38%
Ian Holloway
38%
Jermaine Jenas
38%
Junior Hoilett
38%
Kevin Gallen
38%
Andros Townsend
33%
David Bardsley
33%
Luke Young
33%
Niko Kranjčar
33%
Ákos Buzsáky
29%
Alan McDonald
29%
Danny Dichio
29%
Darren Peacock
29%
Dennis Bailey
29%
Devon White
29%
Gary Penrice
29%
Jay Bothroyd
29%
Karl Ready
29%
Simon Barker
29%
Steven Caulker
29%
Taye Taiwo
29%
Rufus Brevett
25%
Ryan Nelsen
25%
Danny Maddix
21%
Mark Hateley
21%
Michael Meaker
21%
Steve Yates
21%
Greg Goodridge
17%
Justin Channing
13%
Simon Osborn
13%
No matching quizzes found
Score Distribution
Percent of People with Each Score
Percentile by Number Answered
Your Score History
You have not taken this quiz